Ty wiesz, ale to zwrotka chivasa - Statystyki

Ogólne statystyki
  • Ten quiz został rozwiązany 130 razy
  • Średni wynik to 69 z 104
Statystyki odpowiedzi
Odpowiedź % Poprawnych
A
93%
Nie
88%
Ja
86%
Jak
84%
W
84%
Bo
81%
Idiota
81%
Kochałem
81%
To
81%
Ty
81%
Fiutem
79%
Kochać
79%
Albo
78%
Nienawidzę
76%
Z
76%
Ale
74%
Byłaś
74%
Do
74%
Je
72%
Serca
71%
Od
69%
Smutne
69%
Gadamy
67%
Weź
67%
Bałtyk
64%
Jadę
64%
Nad
64%
Rzuć
64%
Skoro
64%
Trochę
64%
Niej
62%
Pewna
62%
Wrzuć
62%
Du
60%
Łez
60%
Się
60%
Że
60%
Basen
59%
Duży
59%
Komuś
59%
Merca
59%
Może
59%
Sprzeda
59%
Wpadniesz
57%
B90
55%
No
55%
Łezkach
53%
Masz
53%
Siana
53%
Tylko
53%
Wpadłem
53%
Wypłacisz
53%
Dobrze
52%
Już
52%
Kurwa
52%
Pachniesz
52%
Środku
52%
Tester
52%
Tobą
52%
Domku
50%
Tam
50%
Wtedy
50%
Poczuła
47%
Śmierci
47%
Byś
45%
GLE
43%
YSL
43%
Bardzo
40%
Buduję
38%
Domek
38%
Ściany
36%
Duże
33%
Nie znaleziono quizów pasujących do podanych kryteriów
Rozkład punktacji
Procent ludzi z każdym wynikiem
Percentyl według liczby udzielonych odpowiedzi
Twoja historia wyników
Nie rozwiązałeś tego quizu